| 000 | 00981nam a2200205 i 4500 | ||
|---|---|---|---|
| 001 | 161221 | ||
| 003 | ES-MaACL | ||
| 005 | 20240419183720.0 | ||
| 008 | 990126s1861 sp |||| | spa d | ||
| 100 | 1 |
_aPacheco, Joaquín Francisco, _d1808-1865 _988121 |
|
| 245 | 1 | 0 |
_aDiscursos pronunciados en el Senado por Don Joaquin Francisco Pacheco _b: impugnando el proyecto de contestación al discurso de la Corona, en las sesiones del 22, 23, 25, 26 y 27 de noviembre de 1861. |
| 260 |
_aMadrid : _b[s.n.], _c1861 ( _fImp. de Manuel Tello) |
||
| 300 |
_a100 p. ; _c22 cm. |
||
| 530 | _aDisponible en formato digital. | ||
| 651 | 4 |
_aEspaña- _xPolítica exterior- _y1843-1868. _9171685 |
|
| 710 | 1 |
_aEspaña. _bCortes Generales. _bSenado. _93674 |
|
| 852 | 4 |
_aES-MaACL _jT-70-F-3 _z- Enc. hol., falto de cub. original _z- Enc. en un vol. facticio |
|
| 856 | 4 |
_uhttp://bdh-rd.bne.es/viewer.vm?id=0000102829&page=1 _zBiblioteca Digital Hispánica |
|
| 999 |
_c161221 _d161221 |
||